000 00431nam a2200157Ia 4500
008 231217s9999 xx 000 0 und d
041 _aEnglish
082 _a658.82 CHU;1 `R'
100 _aChunawalla, S A Sethia, K C
245 0 _aAdvertising sales and promotion management
250 _a1st ed.
260 _c2001
_bMumbai : Himalaya,
300 _a513
650 _aAdvertising,sales,promotion,management
942 _cAA
999 _c169073
_d169073